00349nam a22001217a 4500003000500000020002100005038001100026082001600037100002800053245009700081260003600178300001300214NUST a950914052XqH/B. awaseem a997.11bALD aAldo Sessa, Fotografias aLuces y Sombras de Buenos Aires:bLights & Shadows of Buenos Aires /cFotografias Aldo Sessa aBuenos Aires :bSessa Editores, a100 p. ;